| 000 | 00513nam a2200097Ia 4500 | ||
|---|---|---|---|
| 008 | 170517s9999 xx 000 0 und d | ||
| 245 | _aUnder Our Skin | ||
| 300 | _aIn the 1970s, a mysterious and deadly illness began infecting children in a small town in Connecticut. Today it's a global epidemic. A real-life thriller, this shocking festival hit exposes the controversy surrounding chronic Lyme disease. Following the stories... | ||
| 650 | _xTechnology. | ||
| 856 | _uhttp://topdocumentaryfilms.com/under-our-skin/ | ||
| 999 |
_c335136 _d335136 |
||